Vnútropodniková komunikácia

Vnútropodnikový manažment - poklad každého podniku, skutočnosti, ktoré ho ovplyvňujú. Aspekty, ktoré ovplyvňujú konkurencieschopnosť podnikov na domácom i zahraničnom trhu. Príklady úspešných a neúspešných manažérov, pracovníkov. Vzťahy na pracovisku.

Salvato in:
Dettagli Bibliografici
Autore principale: Rakovská, Júlia, 1972-
Natura: Capitolo di libro
Lingua:slovacco
Soggetti:
Tags: Aggiungi Tag
Nessun Tag, puoi essere il primo ad aggiungerne!!

MARC

LEADER 00000nla$a2200000$$$4500
001 0056911
005 20240502071636.9
041 0 |a slo 
044 |a SK 
245 1 0 |a Vnútropodniková komunikácia  |c Júlia Rakovská 
520 |a Vnútropodnikový manažment - poklad každého podniku, skutočnosti, ktoré ho ovplyvňujú. Aspekty, ktoré ovplyvňujú konkurencieschopnosť podnikov na domácom i zahraničnom trhu. Príklady úspešných a neúspešných manažérov, pracovníkov. Vzťahy na pracovisku. 
610 2 0 |a podnik 
610 2 0 |a manažment 
610 2 0 |a manažéri 
610 2 0 |a vzťahy medziľudské 
610 2 0 |a vzťahy pracovné 
610 2 0 |a komunikácia manažérska 
100 1 |a Rakovská, Júlia, 1972-